000 01233cam a22002891i 4500
003 SA_RiAUC
005 20250907115212.0
008 250903s2007 xx g b 000 0 ara c
040 _aSA-JeALM
_bara
_cSA-RiAUC
_dSA-MaUQU
_erda
082 0 4 _a272
_qSA-RiAUC
090 _a272
_bب و خ
100 1 _aبوخاروف، نبيل نقولا جورج
_eمؤلف.
245 1 2 _aالأناجيل الأربعة لماذا لا يعول عليها /
_cنبيل نيقولا جورج بوخاروف.
250 _aالطبعة الأولى.
264 1 _a[مكان النشر غير محدد] :
_bنبيل نيقولا جورج بوخاروف،
_c2008
300 _a206 صفحة ؛
_c24 سم
336 _aنص
_btxt
_2rdacontent
_3كتاب
337 _aبدون وسيط
_bn
_2rdamedia
338 _aمجلد
_bnc
_2rdacarrier
504 _aيشتمل على إرجاعات ببليوجرافية.
600 0 7 _aبولس،
_cالرسول، القديس
_2aucnm
600 0 7 _aعيسى (عليه السلام)
_2aucnm
630 2 7 _aالكتاب المقدس.
_pالعهد الجديد
_xتفاسير
_2aucut
650 7 _aالديانات المقارنة
_2aucsh
942 _2ddc
_cBOOK
_n0
949 _aSA-JeALM
_d250903
_umohamedma123
_n1
999 _c11462
_d11462